Laser welding of tailored blanks for car body assembly : A dissertation submitted in partial fulfillment of the requirements for the degree of Doctor of Philosophy
Na minha lista:
| Autor principal: | |
|---|---|
| Outros Autores: | |
| Formato: | Manuscrito Livro |
| Idioma: | inglês |
| Publicado em: |
Trnava :
STU v Bratislave MTF,
2000
|
| Assuntos: | |
| Tags: |
Sem tags, seja o primeiro a adicionar uma tag!
|
MARC
| LEADER | 00000ntm a22000003a 4500 | ||
|---|---|---|---|
| 001 | stu56054 | ||
| 005 | 20220401152917.8 | ||
| 008 | 010105s2000----xo------------------eng-d | ||
| 040 | |a STU |b slo | ||
| 041 | 0 | |a eng | |
| 044 | |a xo | ||
| 080 | |a 621.791.72(043.3) | ||
| 100 | 1 | |a Koruk, Ali Ihsan |4 aut | |
| 245 | 1 | |a Laser welding of tailored blanks for car body assembly : |b A dissertation submitted in partial fulfillment of the requirements for the degree of Doctor of Philosophy | |
| 260 | |a Trnava : |b STU v Bratislave MTF, |c 2000 | ||
| 300 | |a 154 s | ||
| 650 | 7 | |a zváranie laserové |2 stusub | |
| 700 | 1 | |a Hrivňák, Ivan, |d 1931- |4 ths |u M130 |U MTF Materiálovotechnologická fakulta |T MTF Katedra materiálového inžinierstva |X 1479 |U M130 |Y 481 |7 A000001479 | |
| 996 | |b . |c M* DzP-575 |l MMSKP |s P |a 0 |w stu56054_0002 | ||